000 00617nam a2200169 a 4500
001 000044518
005 20201002045430.0
008 140704s2010 bl a 000 0 spa d
020 _a9788573656923
040 _aDO-SdBNP
_bspa
_cBNPHU
082 _axxxx
_bxxxx
245 0 0 _aSepé Tiaraju :
_bherói guarani, missioneiro, rio-grandense e agora, herói brasileiro.
260 _aBrasília :
_bCentro de Documentaçâo e Informaçâo : Ediçôes Câmara,
_c2010.
300 _a51 p. :
_bil. ;
_c21 x 27 cm.
490 1 _aObras comemorativas
_apersonalidades
_v1
830 0 _aObras comemorativas
_ppersonalidades ;
_v1
_972540
999 _c44007
_d44007